| 000 | 00566nam a22001817a 4500 | ||
|---|---|---|---|
| 999 |
_c103216 _d103216 |
||
| 005 | 20230628165722.0 | ||
| 010 | _aENG-120174 | ||
| 020 |
_a9789383278084 _c695.00 |
||
| 035 | _aEN-103706 | ||
| 037 | _bDBAD/PUB | ||
| 082 | _a305.4 | ||
| 100 | _dKrishna Kumar Singh | ||
| 245 |
_aIndian women entrepreneurs/ _cby Krishna Kumar Singh |
||
| 260 |
_aDelhi _bBook Treee Publishing House _c2015 |
||
| 270 |
_a1376, Atma Ram Building Behind Indian Bank,Kahmiri Gate _bDelhi _e110006 |
||
| 300 |
_avii,259p. _c23cm (Hb) |
||
| 942 |
_2ddc _cEN _h305.4 _mKRI |
||